| 000 | 00861cam a2200229 4500 | ||
|---|---|---|---|
| 008 | 000000n2001 000 0 eng u | ||
| 020 | _a0137559275 | ||
| 035 | _a(Sirsi) u110107 | ||
| 050 | _a692.80973 | ||
| 100 | _aCollier, Keith | ||
| 245 | _aConstruction contracts. | ||
| 250 | _a3rd edition | ||
| 260 |
_aUpper Saddle River, NJ _bMerrill Prentice Hall _c2001 |
||
| 300 | _axiv,386p. ; 24cm. | ||
| 350 | _a36.99 | ||
| 520 | _aThe third edition of a work by a chartered surveyor, which covers all aspects of construction contracts in the North America, including the publications of the American Institute of Architects and Canadian Construction Documents Committee. | ||
| 650 | _aBUILT ENVIRONMENT-BUILDING CONTRACT FORMS | ||
| 650 | _aCANADA | ||
| 650 | _aUNITED STATES | ||
| 690 | _aBUILT ENVIRONMENT-BUILDING CONTRACT FORMS | ||
| 942 | _n0 | ||
| 999 |
_c101052 _d101052 |
||